Elementary electronic structure
Gespeichert in:
| 1. Verfasser: | |
|---|---|
| Format: | Buch |
| Sprache: | Englisch |
| Veröffentlicht: |
Singapur
World Scientific
1999
|
| Ausgabe: | 1a. ed |
| Schlagworte: | |
| Tags: |
Tag hinzufügen
Keine Tags, Fügen Sie den ersten Tag hinzu!
|
MARC
| LEADER | 00000nam a2200000 a 4500 | ||
|---|---|---|---|
| 001 | UCH7832 | ||
| 003 | CL-VaPUC | ||
| 008 | 091126e19990000si |||||||||||||||||eng|d | ||
| 020 | |a 9810238959 | ||
| 082 | 0 | 4 | |a 530.411 |b HAR |2 21 |
| 100 | |a Harrison, Walter A |e author |9 544196 | ||
| 245 | 1 | 0 | |a Elementary electronic structure |
| 250 | |a 1a. ed | ||
| 300 | |a 817 p | ||
| 942 | |c BK | ||
| 945 | |d 20091126 00:00:00 |a cmena | ||
| 260 | |a Singapur |b World Scientific |c 1999 | ||
| 650 | 0 | |a Mecánica cuántica |9 306806 | |
| 650 | 0 | |a Estados de la Materia |9 347141 | |
| 650 | 7 | |a ESTRUCTURA DE LA MATERIA |2 CL-VaPUC |9 392583 | |
| 650 | 0 | |a Semiconductores |9 260250 | |
| 650 | 7 | |a PROPIEDADES ELECTRONICAS |2 CL-VaPUC |9 544197 | |
| 583 | |a last modification |c 20171221 03:07:56 |k Rodrigo Vera | ||
| 999 | |c 338180 |d 338178 | ||
| 952 | |0 0 |1 0 |4 0 |6 530_411000000000000_HAR_1999 |7 0 |8 A |9 431044 |a BIBCUR |b BIBCUR |d 2019-11-22 |i 4621867 |o 530.411 HAR 1999 |p 4621867 |r 2025-04-22 |w 2019-11-22 |y BK |k DCF | ||